[Event "IMP Mezczyzn do lat 20"]
[Site "Chotowa"]
[Date "2023.10.31"]
[Round "7.9"]
[White "Pancewicz, Szymon"]
[Black "Pniaczek, Marek"]
[Result "1/2-1/2"]
[BlackElo "2143"]
[WhiteElo "1853"]
[LiveChessVersion "1.4.8"]

1. e4 {[%clk 1:30:54]} e5 {[%clk 1:30:21]} 2. Nf3 {[%clk 1:30:56]} Nc6
{[%clk 1:30:45]} 3. Nc3 {[%clk 1:30:35]} Nf6 {[%clk 1:30:12]} 4. a3
{[%clk 1:30:04]} g6 {[%clk 1:25:24]} 5. d4 {[%clk 1:29:28]} exd4 {[%clk 1:23:56]}
6. Nxd4 {[%clk 1:28:34]} Bg7 {[%clk 1:23:51]} 7. Bc4 {[%clk 1:27:28]} O-O
{[%clk 1:14:47]} 8. O-O {[%clk 1:26:56]} Re8 {[%clk 1:09:31]} 9. Nxc6
{[%clk 1:22:36]} bxc6 {[%clk 1:09:38]} 10. f3 {[%clk 1:12:23]} d6
{[%clk 1:06:11]} 11. Bg5 {[%clk 1:10:52]} h6 {[%clk 1:03:55]} 12. Bh4
{[%clk 1:09:29]} Qd7 {[%clk 0:49:21]} 13. Qd3 {[%clk 1:05:19]} Nh5
{[%clk 0:42:49]} 14. Rad1 {[%clk 1:01:56]} Rb8 {[%clk 0:41:37]} 15. b3
{[%clk 0:58:03]} Bb7 {[%clk 0:32:28]} 16. Bf2 {[%clk 0:54:59]} Qe7
{[%clk 0:26:43]} 17. Qd2 {[%clk 0:46:02]} Rbd8 {[%clk 0:24:29]} 18. Rfe1
{[%clk 0:42:03]} Be5 {[%clk 0:15:45]} 19. Bd4 {[%clk 0:22:45]} Qf6
{[%clk 0:11:44]} 20. Bxe5 {[%clk 0:21:09]} Rxe5 {[%clk 0:12:09]} 21. Qxh6
{[%clk 0:14:58]} d5 {[%clk 0:10:12]} 22. Qd2 {[%clk 0:13:10]} Nf4
{[%clk 0:06:56]} 23. Ne2 {[%clk 0:11:55]} Nxe2+ {[%clk 0:06:30]} 24. Bxe2
{[%clk 0:11:34]} Rde8 {[%clk 0:06:39]} 25. Bd3 {[%clk 0:10:48]} Bc8
{[%clk 0:03:26]} 26. Qc3 {[%clk 0:07:02]} Bd7 {[%clk 0:01:17]} 27. Bf1
{[%clk 0:03:27]} Qe7 {[%clk 0:01:09]} 28. Bd3 {[%clk 0:01:56]} Qxa3
{[%clk 0:01:03]} 29. Ra1 {[%clk 0:01:29]} Qd6 {[%clk 0:00:52]} 30. f4
{[%clk 0:01:14]} Rh5 {[%clk 0:01:01]} 31. e5 {[%clk 0:01:14]} Qe7
{[%clk 0:01:30]} 32. Re3 {[%clk 0:00:48]} c5 {[%clk 0:01:46]} 33. Qe1
{[%clk 0:01:01]} c4 {[%clk 0:01:07]} 34. bxc4 {[%clk 0:01:12]} dxc4
{[%clk 0:01:29]} 35. Bxc4 {[%clk 0:00:58]} Qc5 {[%clk 0:01:31]} 36. Qc3
{[%clk 0:00:57]} Qb6 {[%clk 0:01:28]} 37. Qb3 {[%clk 0:00:49]} Qd4
{[%clk 0:01:57]} 38. Bxf7+ {[%clk 0:00:45]} Kg7 {[%clk 0:02:19]} 39. Rf1
{[%clk 0:00:39]} Ba4 {[%clk 0:01:34]} 40. Qc3 {[%clk 0:30:34]} Qxc3
{[%clk 0:31:43]} 41. Rxc3 {[%clk 0:30:08]} Kxf7 {[%clk 0:32:12]} 42. Ra1
{[%clk 0:26:41]} Bb5 {[%clk 0:31:04]} 43. Rxc7+ {[%clk 0:25:46]} Re7
{[%clk 0:31:27]} 44. Raxa7 {[%clk 0:25:17]} Rxc7 {[%clk 0:31:51]} 45. Rxc7+
{[%clk 0:25:43]} Ke6 {[%clk 0:32:01]} 46. c4 {[%clk 0:23:52]} Be8
{[%clk 0:30:46]} 47. g3 {[%clk 0:22:28]} g5 {[%clk 0:30:50]} 48. Kg2
{[%clk 0:13:59]} gxf4 {[%clk 0:31:06]} 49. gxf4 {[%clk 0:13:26]} Kf5
{[%clk 0:31:08]} 50. Kg3 {[%clk 0:12:57]} Rh6 {[%clk 0:30:56]} 51. Rg7
{[%clk 0:11:40]} Rc6 {[%clk 0:30:09]} 52. Rg5+ {[%clk 0:10:13]} Ke6
{[%clk 0:29:42]} 53. Kg4 {[%clk 0:09:07]} Rxc4 {[%clk 0:29:59]} 54. Rf5
{[%clk 0:08:14]} Rc2 {[%clk 0:29:05]} 55. Rf6+ {[%clk 0:08:11]} Ke7
{[%clk 0:29:33]} 56. h4 {[%clk 0:07:39]} Rh2 {[%clk 0:25:34]} 57. Kg5
{[%clk 0:04:51]} Rg2+ {[%clk 0:25:20]} 58. Kf5 {[%clk 0:04:32]} Ba4
{[%clk 0:24:40]} 59. Re6+ {[%clk 0:04:09]} Kf7 {[%clk 0:25:04]} 60. Rf6+
{[%clk 0:04:20]} Ke7 {[%clk 0:25:33]} 61. Ke4 {[%clk 0:04:17]} Bc2+
{[%clk 0:24:49]} 62. Kf3 {[%clk 0:04:34]} Rh2 {[%clk 0:24:44]} 63. Kg3
{[%clk 0:04:40]} Rh1 {[%clk 0:25:03]} 64. Rh6 {[%clk 0:03:57]} Bf5
{[%clk 0:24:50]} 65. Rf6 {[%clk 0:02:27]} Rh3+ {[%clk 0:24:17]} 66. Kg2
{[%clk 0:02:26]} Bd7 {[%clk 0:24:46]} 67. Rh6 {[%clk 0:02:10]} Rc3
{[%clk 0:24:32]} 68. h5 {[%clk 0:01:37]} Bh3+ {[%clk 0:23:06]} 69. Kh2
{[%clk 0:01:37]} Bf5 {[%clk 0:23:22]} 70. Kg2 {[%clk 0:01:10]} Be4+
{[%clk 0:19:45]} 71. Kh2 {[%clk 0:01:01]} Bf5 {[%clk 0:19:28]} 72. Kg2
{[%clk 0:00:46]} Bh3+ {[%clk 0:19:40]} 73. Kh2 {[%clk 0:00:43]} Bg4
{[%clk 0:20:09]} 74. Kg2 {[%clk 0:00:42]} Bh3+ {[%clk 0:13:50]} 75. Kf2
{[%clk 0:00:44]} Bg4 {[%clk 0:11:15]} 76. Kg2 {[%clk 0:00:40]} Bf3+
{[%clk 0:10:35]} 77. Kf2 {[%clk 0:00:43]} Bd1 {[%clk 0:10:39]} 78. Kg2
{[%clk 0:00:52]} Re3 {[%clk 0:10:06]} 79. Rh7+ {[%clk 0:00:37]} Kf8
{[%clk 0:09:47]} 80. h6 {[%clk 0:00:40]} Kg8 {[%clk 0:09:51]} 81. Rg7+
{[%clk 0:00:48]} Kh8 {[%clk 0:10:21]} 82. Rf7 {[%clk 0:00:58]} Bg4
{[%clk 0:09:56]} 83. Kf2 {[%clk 0:00:57]} Rh3 {[%clk 0:09:19]} 84. Rf6
{[%clk 0:01:03]} Kh7 {[%clk 0:09:26]} 85. e6 {[%clk 0:00:42]} Rxh6
{[%clk 0:09:28]} 86. Rxh6+ {[%clk 0:00:39]} Kxh6 {[%clk 0:09:57]} 87. e7
{[%clk 0:01:00]} Bd7 {[%clk 0:10:18]} 1/2-1/2

[Event "IMP Mezczyzn do lat 20"]
[Site "Chotowa"]
[Date "2023.10.31"]
[Round "7.10"]
[White "Walaszczyk, Aleksander"]
[Black "Karut, Kacper"]
[Result "1/2-1/2"]
[BlackElo "2093"]
[WhiteElo "1731"]
[LiveChessVersion "1.4.8"]

1. e4 {[%clk 1:30:58]} c5 {[%clk 1:25:35]} 2. Nf3 {[%clk 1:31:18]} Nc6
{[%clk 1:25:48]} 3. Bb5 {[%clk 1:31:37]} e6 {[%clk 1:26:08]} 4. O-O
{[%clk 1:31:19]} Nge7 {[%clk 1:26:29]} 5. Re1 {[%clk 1:30:10]} a6
{[%clk 1:26:36]} 6. Bf1 {[%clk 1:30:33]} Ng6 {[%clk 1:25:59]} 7. d4
{[%clk 1:28:16]} cxd4 {[%clk 1:24:09]} 8. Nxd4 {[%clk 1:28:37]} Bc5
{[%clk 1:19:09]} 9. Nb3 Ba7 {[%clk 1:16:51]} 10. c4 {[%clk 1:16:53]} Qc7
{[%clk 1:11:08]} 11. Nc3 {[%clk 1:10:38]} O-O {[%clk 1:06:18]} 12. Be3
{[%clk 1:07:30]} b6 {[%clk 1:03:38]} 13. g3 {[%clk 1:00:16]} Bb7 {[%clk 0:56:30]}
14. Rc1 {[%clk 0:58:30]} f5 {[%clk 0:53:30]} 15. f4 {[%clk 0:54:44]} Nce7
{[%clk 0:50:07]} 16. Bg2 {[%clk 0:52:40]} fxe4 {[%clk 0:46:52]} 17. Nxe4
{[%clk 0:51:50]} Nf5 {[%clk 0:40:13]} 18. Bf2 {[%clk 0:51:59]} e5
{[%clk 0:36:05]} 19. c5 {[%clk 0:39:26]} b5 {[%clk 0:32:34]} 20. fxe5
{[%clk 0:34:21]} Nxe5 {[%clk 0:31:24]} 21. g4 {[%clk 0:33:47]} Nh6
{[%clk 0:27:20]} 22. Bg3 {[%clk 0:31:28]} Nhf7 {[%clk 0:25:43]} 23. Nd4
{[%clk 0:27:05]} Rae8 {[%clk 0:23:51]} 24. Kh1 {[%clk 0:23:37]} Qc8
{[%clk 0:15:21]} 25. Nf5 {[%clk 0:19:16]} Qa8 {[%clk 0:13:46]} 26. Qd4
{[%clk 0:13:39]} Re6 {[%clk 0:06:21]} 27. Rc2 {[%clk 0:10:31]} Rfe8
{[%clk 0:02:40]} 28. Rf1 {[%clk 0:09:50]} g6 {[%clk 0:01:24]} 29. Nfd6
{[%clk 0:09:51]} Nxd6 {[%clk 0:01:05]} 30. Nxd6 {[%clk 0:09:24]} Bxg2+ 31. Rxg2
{[%clk 0:09:48]} Rf8 {[%clk 0:01:05]} 32. Rxf8+ {[%clk 0:02:04]} 1/2-1/2

[Event "IMP Mezczyzn do lat 20"]
[Site "Chotowa"]
[Date "2023.10.31"]
[Round "7.11"]
[White "Stepinski, Piotr"]
[Black "Zielonka, Adam"]
[Result "0-1"]
[BlackElo "2059"]
[WhiteElo "1991"]
[LiveChessVersion "1.4.8"]

1. e4 {[%clk 1:30:18]} e5 {[%clk 1:30:52]} 2. Nf3 {[%clk 1:30:45]} Nc6
{[%clk 1:31:08]} 3. Bb5 {[%clk 1:31:11]} a6 {[%clk 1:31:30]} 4. Bxc6
{[%clk 1:31:34]} dxc6 {[%clk 1:31:47]} 5. O-O {[%clk 1:31:59]} Bg4
{[%clk 1:26:54]} 6. h3 {[%clk 1:32:25]} h5 {[%clk 1:26:51]} 7. d3
{[%clk 1:32:52]} Qf6 {[%clk 1:23:08]} 8. Nbd2 {[%clk 1:33:14]} Bc5
{[%clk 1:19:03]} 9. c3 {[%clk 1:21:12]} Rd8 {[%clk 1:12:05]} 10. Qc2
{[%clk 1:11:02]} Ne7 {[%clk 0:57:34]} 11. d4 {[%clk 0:57:28]} exd4
{[%clk 0:53:25]} 12. cxd4 {[%clk 0:57:47]} Bxf3 {[%clk 0:46:24]} 13. Nxf3
{[%clk 0:57:18]} Bxd4 {[%clk 0:44:00]} 14. Bg5 {[%clk 0:54:51]} Qe6
{[%clk 0:42:49]} 15. Rad1 {[%clk 0:53:46]} Bb6 {[%clk 0:41:06]} 16. Rxd8+
{[%clk 0:47:58]} Kxd8 {[%clk 0:41:30]} 17. Bxe7+ {[%clk 0:48:07]} Qxe7
{[%clk 0:39:44]} 18. Qc3 {[%clk 0:48:35]} Rg8 {[%clk 0:37:07]} 19. Ne5
{[%clk 0:32:57]} Kc8 {[%clk 0:30:32]} 20. Nc4 {[%clk 0:22:00]} Qxe4
{[%clk 0:24:46]} 21. Nxb6+ {[%clk 0:20:49]} cxb6 {[%clk 0:25:10]} 22. Qb3
{[%clk 0:20:41]} Qd5 {[%clk 0:23:20]} 23. Qxb6 {[%clk 0:20:59]} Qxa2
{[%clk 0:19:27]} 24. Re1 {[%clk 0:20:24]} Qd5 {[%clk 0:19:08]} 25. g3
{[%clk 0:20:39]} Qd6 {[%clk 0:17:21]} 26. Qb3 {[%clk 0:18:26]} Qd7
{[%clk 0:15:48]} 27. Rd1 {[%clk 0:16:24]} Qe7 {[%clk 0:16:02]} 28. Qf3
{[%clk 0:16:43]} g6 {[%clk 0:15:20]} 29. Rd4 {[%clk 0:16:09]} Rd8
{[%clk 0:14:46]} 30. Re4 {[%clk 0:16:30]} Qd7 {[%clk 0:14:39]} 31. Kh2
{[%clk 0:16:25]} Re8 {[%clk 0:13:08]} 32. Rf4 {[%clk 0:16:08]} f5
{[%clk 0:12:58]} 33. Qc3 {[%clk 0:16:05]} Qe7 {[%clk 0:11:14]} 34. Rc4
{[%clk 0:16:11]} Qe5 {[%clk 0:08:05]} 35. Qc2 {[%clk 0:16:02]} Qd5
{[%clk 0:08:14]} 36. Rc5 {[%clk 0:15:40]} Qf3 {[%clk 0:08:15]} 37. Rc3
{[%clk 0:15:24]} Re2 {[%clk 0:08:25]} 38. Rxf3 {[%clk 0:15:42]} Rxc2
{[%clk 0:08:51]} 39. b3 {[%clk 0:16:06]} b5 {[%clk 0:08:01]} 40. Kg2
{[%clk 0:46:32]} b4 {[%clk 0:38:04]} 41. Rf4 {[%clk 0:45:48]} a5 {[%clk 0:36:39]}
0-1

[Event "IMP Mezczyzn do lat 20"]
[Site "Chotowa"]
[Date "2023.10.31"]
[Round "7.12"]
[White "Suska, Szymon"]
[Black "Borowik, Wojciech"]
[Result "1/2-1/2"]
[BlackElo "1902"]
[WhiteElo "2040"]
[LiveChessVersion "1.4.8"]

1. d4 {[%clk 1:30:53]} Nf6 {[%clk 1:30:09]} 2. Nf3 {[%clk 1:31:16]} e6
{[%clk 1:30:20]} 3. c4 {[%clk 1:31:39]} b6 {[%clk 1:30:43]} 4. Nc3
{[%clk 1:30:08]} Bb4 {[%clk 1:29:00]} 5. Qc2 {[%clk 1:30:26]} Bb7
{[%clk 1:29:03]} 6. e3 {[%clk 1:28:13]} Ne4 {[%clk 1:22:15]} 7. Bd3
{[%clk 1:27:03]} f5 {[%clk 1:22:06]} 8. Bd2 {[%clk 1:25:01]} Nxd2
{[%clk 1:18:39]} 9. Nxd2 {[%clk 1:22:15]} O-O {[%clk 1:16:35]} 10. f3
{[%clk 1:21:28]} Qh4+ {[%clk 0:58:28]} 11. g3 {[%clk 1:18:27]} Qh6
{[%clk 0:57:15]} 12. Kf2 {[%clk 1:14:40]} c5 {[%clk 0:54:33]} 13. d5
{[%clk 1:00:59]} Bxc3 {[%clk 0:48:27]} 14. bxc3 {[%clk 1:00:15]} exd5
{[%clk 0:47:44]} 15. cxd5 {[%clk 0:59:37]} Bxd5 {[%clk 0:45:22]} 16. Bxf5
{[%clk 0:59:02]} Nc6 {[%clk 0:38:59]} 17. c4 {[%clk 0:54:08]} Be6
{[%clk 0:27:35]} 18. Bxe6+ {[%clk 0:53:12]} Qxe6 {[%clk 0:25:27]} 19. Rhe1
{[%clk 0:48:17]} Qh3 {[%clk 0:20:13]} 20. Kg1 {[%clk 0:47:51]} Rae8
{[%clk 0:20:16]} 21. f4 {[%clk 0:47:06]} Nb4 {[%clk 0:14:51]} 22. Qc3
{[%clk 0:43:11]} Rf6 {[%clk 0:12:58]} 23. a3 {[%clk 0:42:08]} Rh6
{[%clk 0:12:38]} 24. Nf3 {[%clk 0:41:19]} Nc6 {[%clk 0:12:51]} 25. Rad1
{[%clk 0:41:07]} Qg4 {[%clk 0:11:47]} 26. Kg2 {[%clk 0:37:30]} Qh3+
{[%clk 0:11:13]} 27. Kg1 {[%clk 0:37:54]} Qg4 {[%clk 0:11:27]} 28. Kg2
{[%clk 0:37:10]} Qh3+ {[%clk 0:06:01]} 29. Kg1 {[%clk 0:37:35]} Qg4
{[%clk 0:02:56]} 30. Kg2 {[%clk 0:37:59]} Qh3+ {[%clk 0:03:21]} 1/2-1/2

[Event "IMP Mezczyzn do lat 20"]
[Site "Chotowa"]
[Date "2023.10.31"]
[Round "7.13"]
[White "Zieba, Hubert"]
[Black "Marciniak, Leonard"]
[Result "1/2-1/2"]
[BlackElo "1856"]
[WhiteElo "1805"]
[LiveChessVersion "1.4.8"]

1. d4 {[%clk 1:30:57]} d5 {[%clk 1:30:54]} 2. c4 {[%clk 1:31:23]} dxc4
{[%clk 1:31:18]} 3. Nf3 {[%clk 1:31:49]} Nf6 {[%clk 1:31:37]} 4. e3
{[%clk 1:32:00]} e6 {[%clk 1:31:40]} 5. Bxc4 {[%clk 1:32:25]} c5 {[%clk 1:31:36]}
6. O-O {[%clk 1:32:42]} a6 {[%clk 1:31:49]} 7. Qe2 {[%clk 1:32:39]} Nc6
{[%clk 1:28:16]} 8. Rd1 {[%clk 1:29:34]} cxd4 {[%clk 1:28:13]} 9. exd4
{[%clk 1:29:12]} Be7 {[%clk 1:27:20]} 10. a4 {[%clk 1:19:22]} O-O
{[%clk 1:27:04]} 11. Nc3 {[%clk 1:19:15]} Nb4 {[%clk 1:20:50]} 12. Bg5
{[%clk 1:15:39]} Nbd5 {[%clk 1:18:14]} 13. Rac1 {[%clk 1:06:30]} h6
{[%clk 1:14:12]} 14. Bxf6 {[%clk 1:05:22]} Bxf6 {[%clk 1:13:25]} 15. Qe4
{[%clk 1:04:23]} Nxc3 {[%clk 1:12:30]} 16. bxc3 {[%clk 1:02:42]} Bd7
{[%clk 1:04:06]} 17. Bd3 {[%clk 0:55:54]} g6 {[%clk 1:04:33]} 18. Ne5
{[%clk 0:56:12]} Bxe5 {[%clk 0:52:24]} 19. dxe5 {[%clk 0:55:49]} Bc6
{[%clk 0:52:52]} 20. Qf4 {[%clk 0:56:10]} Qg5 {[%clk 0:48:51]} 21. Qxg5
{[%clk 0:56:33]} hxg5 {[%clk 0:49:18]} 22. a5 {[%clk 0:56:23]} Rfd8
{[%clk 0:47:48]} 23. Bc2 {[%clk 0:56:35]} Rd5 {[%clk 0:43:43]} 24. Rxd5
{[%clk 0:56:22]} Bxd5 {[%clk 0:43:52]} 25. c4 {[%clk 0:55:01]} Bxc4
{[%clk 0:37:32]} 26. Bxg6 {[%clk 0:54:01]} Bd5 {[%clk 0:37:47]} 27. Bh5
{[%clk 0:51:08]} Bc6 {[%clk 0:33:27]} 28. h3 {[%clk 0:50:27]} Rd8
{[%clk 0:33:02]} 29. Rd1 {[%clk 0:50:50]} Rc8 {[%clk 0:20:46]} 30. Rc1
{[%clk 0:51:01]} Rd8 {[%clk 0:18:26]} 31. Rd1 {[%clk 0:51:23]} Rc8
{[%clk 0:15:22]} 32. Rc1 {[%clk 0:51:48]} Rd8 {[%clk 0:15:11]} 33. Rd1
{[%clk 0:52:14]} Rc8 {[%clk 0:12:47]} 34. Rc1 {[%clk 0:52:40]} 1/2-1/2

[Event "IMP Mezczyzn do lat 20"]
[Site "Chotowa"]
[Date "2023.10.31"]
[Round "7.14"]
[White "Zalega, Maciej"]
[Black "Kondys, Piotr"]
[Result "1-0"]
[BlackElo "2122"]
[WhiteElo "2155"]
[LiveChessVersion "1.4.8"]

1. e4 {[%clk 1:30:56]} d6 {[%clk 1:30:13]} 2. d4 {[%clk 1:31:19]} Nf6
{[%clk 1:30:35]} 3. Nc3 {[%clk 1:31:46]} e5 {[%clk 1:30:57]} 4. Nf3
{[%clk 1:32:11]} Nbd7 {[%clk 1:31:16]} 5. Bc4 {[%clk 1:32:11]} Be7
{[%clk 1:31:37]} 6. O-O {[%clk 1:31:10]} O-O {[%clk 1:31:40]} 7. h3
{[%clk 1:29:51]} c6 {[%clk 1:31:52]} 8. a4 {[%clk 1:29:10]} a5 {[%clk 1:32:12]}
9. Be3 {[%clk 1:24:23]} h6 {[%clk 1:32:33]} 10. Bb3 {[%clk 1:20:27]} Re8
{[%clk 1:32:29]} 11. Qd2 {[%clk 1:16:04]} Bf8 {[%clk 1:29:36]} 12. Rfe1
{[%clk 1:12:17]} b6 {[%clk 1:17:21]} 13. Nh2 {[%clk 1:03:43]} exd4
{[%clk 0:44:48]} 14. Bxd4 {[%clk 1:03:56]} Nc5 {[%clk 0:45:11]} 15. Bxc5
{[%clk 1:02:32]} dxc5 {[%clk 0:45:17]} 16. Qf4 {[%clk 0:57:44]} Be6
{[%clk 0:42:25]} 17. Rad1 {[%clk 0:57:19]} Qb8 {[%clk 0:35:27]} 18. e5
{[%clk 0:52:58]} Bxb3 {[%clk 0:29:10]} 19. cxb3 {[%clk 0:53:25]} Re6
{[%clk 0:29:03]} 20. Qg3 {[%clk 0:34:45]} Qe8 {[%clk 0:20:48]} 21. f4
{[%clk 0:34:25]} Nd7 {[%clk 0:20:43]} 22. Nf3 {[%clk 0:33:01]} f6
{[%clk 0:19:34]} 23. f5 {[%clk 0:31:23]} Rxe5 {[%clk 0:19:55]} 24. Nxe5
{[%clk 0:31:44]} Nxe5 {[%clk 0:20:15]} 25. Ne2 {[%clk 0:29:31]} Qh5
{[%clk 0:18:42]} 26. Qf4 {[%clk 0:26:34]} Re8 {[%clk 0:18:15]} 27. Qe4
{[%clk 0:21:40]} Qf7 {[%clk 0:17:09]} 28. Nc1 {[%clk 0:18:23]} Kh7
{[%clk 0:13:49]} 29. Kh1 {[%clk 0:08:34]} Kh8 {[%clk 0:10:50]} 30. Rd2
{[%clk 0:03:20]} Kh7 {[%clk 0:10:11]} 31. Rdd1 {[%clk 0:02:40]} Kg8
{[%clk 0:08:53]} 32. Nd3 {[%clk 0:01:39]} Kh7 {[%clk 0:04:02]} 33. Nxe5
{[%clk 0:01:48]} Rxe5 {[%clk 0:04:24]} 34. Qg4 {[%clk 0:01:37]} Bd6
{[%clk 0:03:17]} 35. Rxe5 {[%clk 0:00:47]} Bxe5 {[%clk 0:03:46]} 36. Qc4
{[%clk 0:01:08]} Qh5 {[%clk 0:03:31]} 37. Qg4 {[%clk 0:00:49]} Qxg4
{[%clk 0:02:53]} 38. hxg4 {[%clk 0:01:17]} Bxb2 {[%clk 0:03:15]} 39. Rd6
{[%clk 0:01:42]} b5 {[%clk 0:03:01]} 40. Rxc6 {[%clk 0:30:57]} bxa4
{[%clk 0:32:54]} 41. bxa4 {[%clk 0:31:12]} Bd4 {[%clk 0:26:36]} 42. Kh2
{[%clk 0:26:51]} Kg8 {[%clk 0:27:01]} 43. Kg3 {[%clk 0:26:41]} Kf7
{[%clk 0:23:44]} 44. Kf3 {[%clk 0:27:03]} Ke7 {[%clk 0:23:17]} 45. Ke4
{[%clk 0:27:09]} 1-0

[Event "IMP Mezczyzn do lat 20"]
[Site "Chotowa"]
[Date "2023.10.31"]
[Round "7.15"]
[White "Lis, Maksymilian"]
[Black "Kraczek, Cezary"]
[Result "1/2-1/2"]
[BlackElo "1707"]
[WhiteElo "1937"]
[LiveChessVersion "1.4.8"]

1. d4 {[%clk 1:26:34]} Nf6 {[%clk 1:30:42]} 2. c4 {[%clk 1:26:19]} e6
{[%clk 1:30:41]} 3. Nf3 {[%clk 1:26:19]} d5 {[%clk 1:30:50]} 4. Nc3
{[%clk 1:26:35]} Be7 {[%clk 1:30:50]} 5. Bf4 {[%clk 1:26:37]} a6 {[%clk 1:30:20]}
6. c5 {[%clk 1:22:14]} b6 {[%clk 1:28:00]} 7. b4 {[%clk 1:19:00]} a5
{[%clk 1:20:07]} 8. a3 {[%clk 1:16:57]} Ne4 {[%clk 1:16:10]} 9. Nxe4
{[%clk 0:57:51]} dxe4 {[%clk 1:16:16]} 10. Ne5 {[%clk 0:58:09]} O-O
{[%clk 0:58:45]} 11. e3 {[%clk 0:55:13]} Bb7 {[%clk 0:51:25]} 12. Be2
{[%clk 0:52:06]} Bd5 {[%clk 0:45:17]} 13. O-O {[%clk 0:47:26]} Nd7
{[%clk 0:43:02]} 14. f3 {[%clk 0:42:50]} Nxe5 {[%clk 0:38:34]} 15. Bxe5
{[%clk 0:42:33]} Bg5 {[%clk 0:34:26]} 16. Qd2 {[%clk 0:37:05]} f6
{[%clk 0:30:11]} 17. Bg3 {[%clk 0:35:52]} f5 {[%clk 0:29:37]} 18. f4
{[%clk 0:34:55]} Bf6 {[%clk 0:26:43]} 19. Rfc1 {[%clk 0:31:14]} Qd7
{[%clk 0:24:33]} 20. cxb6 {[%clk 0:25:52]} cxb6 {[%clk 0:24:54]} 21. bxa5
{[%clk 0:26:17]} Rxa5 {[%clk 0:19:37]} 22. Qb2 {[%clk 0:17:52]} Rb8
{[%clk 0:16:54]} 23. Be1 {[%clk 0:18:06]} Ra7 {[%clk 0:16:34]} 24. Bb5
{[%clk 0:15:28]} Qd8 {[%clk 0:16:04]} 25. Bb4 {[%clk 0:14:30]} Be7
{[%clk 0:14:52]} 26. Rc3 {[%clk 0:14:16]} h6 {[%clk 0:13:06]} 27. Rac1
{[%clk 0:14:05]} Kh7 {[%clk 0:11:32]} 28. Bxe7 {[%clk 0:13:37]} Qxe7
{[%clk 0:11:39]} 29. a4 {[%clk 0:14:02]} Rbb7 {[%clk 0:09:27]} 30. Rc8
{[%clk 0:12:21]} Rc7 {[%clk 0:08:56]} 31. h3 {[%clk 0:09:23]} Rxc8
{[%clk 0:08:23]} 32. Rxc8 {[%clk 0:09:48]} Rc7 {[%clk 0:08:41]} 1/2-1/2

[Event "IMP Mezczyzn do lat 20"]
[Site "Chotowa"]
[Date "2023.10.31"]
[Round "7.16"]
[White "Labedz, Dawid"]
[Black "Mikula, Maciej"]
[Result "0-1"]
[BlackElo "1936"]
[WhiteElo "1579"]
[LiveChessVersion "1.4.8"]

1. e4 {[%clk 1:30:57]} c5 {[%clk 1:25:41]} 2. Nf3 {[%clk 1:31:13]} g6
{[%clk 1:25:36]} 3. d4 {[%clk 1:31:25]} cxd4 {[%clk 1:25:46]} 4. Nxd4
{[%clk 1:31:28]} Bg7 {[%clk 1:26:09]} 5. Be3 {[%clk 1:30:22]} Nc6
{[%clk 1:23:16]} 6. Nc3 {[%clk 1:29:18]} Nf6 {[%clk 1:23:36]} 7. Bc4
{[%clk 1:27:39]} O-O {[%clk 1:23:09]} 8. Bb3 {[%clk 1:26:50]} d5 {[%clk 1:22:24]}
9. exd5 {[%clk 1:21:34]} Na5 {[%clk 1:20:26]} 10. f3 {[%clk 1:16:41]} Nxb3
{[%clk 1:16:56]} 11. Nxb3 {[%clk 1:14:04]} b5 {[%clk 1:17:07]} 12. Nxb5
{[%clk 1:08:30]} Qxd5 {[%clk 1:06:59]} 13. Qxd5 {[%clk 0:59:36]} Nxd5
{[%clk 1:07:22]} 14. Bd4 {[%clk 0:59:19]} Nb4 {[%clk 1:04:15]} 15. O-O-O
{[%clk 0:46:41]} Nxa2+ {[%clk 0:58:04]} 16. Kb1 {[%clk 0:47:06]} Nb4
{[%clk 0:58:27]} 17. Bc5 {[%clk 0:39:39]} Nc6 {[%clk 0:54:15]} 18. Rhe1
{[%clk 0:37:40]} a5 {[%clk 0:50:29]} 19. N3d4 {[%clk 0:33:26]} Bb7
{[%clk 0:41:44]} 20. Bxe7 {[%clk 0:27:10]} Nxd4 {[%clk 0:40:41]} 21. Nxd4
{[%clk 0:26:10]} Rfb8 {[%clk 0:37:53]} 22. Bd6 {[%clk 0:21:45]} Rd8
{[%clk 0:35:34]} 23. Be5 {[%clk 0:21:27]} a4 {[%clk 0:32:15]} 24. Bxg7
{[%clk 0:19:51]} Kxg7 {[%clk 0:32:40]} 25. Re7 {[%clk 0:19:29]} Bd5
{[%clk 0:31:28]} 26. Rc7 {[%clk 0:19:45]} a3 {[%clk 0:27:45]} 27. b3
{[%clk 0:18:46]} a2+ {[%clk 0:27:27]} 28. Kb2 {[%clk 0:16:57]} Bxb3
{[%clk 0:27:51]} 29. cxb3 {[%clk 0:14:30]} Rxd4 {[%clk 0:27:44]} 30. Ra1
{[%clk 0:14:40]} Rd2+ {[%clk 0:27:58]} 31. Rc2 {[%clk 0:15:02]} Rd3
{[%clk 0:25:24]} 32. Rxa2 {[%clk 0:14:28]} Rb8 {[%clk 0:25:48]} 33. Rc3
{[%clk 0:12:23]} Rd2+ {[%clk 0:24:06]} 34. Kb1 {[%clk 0:12:05]} Rd1+
{[%clk 0:24:02]} 35. Kb2 {[%clk 0:10:59]} Rd2+ {[%clk 0:24:21]} 36. Rc2
{[%clk 0:11:28]} Rd3 {[%clk 0:24:45]} 37. Ra3 {[%clk 0:11:20]} h5
{[%clk 0:23:44]} 38. Ka2 {[%clk 0:10:42]} Kf6 {[%clk 0:16:10]} 39. Rb2
{[%clk 0:10:45]} Ke7 {[%clk 0:06:01]} 40. b4 {[%clk 0:40:38]} Rd4
{[%clk 0:32:39]} 41. b5 {[%clk 0:39:38]} Rd7 {[%clk 0:27:35]} 42. Re3+
{[%clk 0:34:27]} Kd8 {[%clk 0:25:37]} 43. Ka3 {[%clk 0:33:27]} Kc7
{[%clk 0:21:10]} 44. Rc3+ {[%clk 0:31:29]} Kb7 {[%clk 0:20:15]} 45. Kb4
{[%clk 0:30:55]} Ra8 {[%clk 0:17:40]} 46. Rc4 {[%clk 0:28:52]} Ra1
{[%clk 0:14:48]} 47. g4 {[%clk 0:24:52]} h4 {[%clk 0:11:17]} 48. g5
{[%clk 0:21:56]} Rg1 {[%clk 0:07:17]} 49. f4 {[%clk 0:13:29]} Rgd1
{[%clk 0:04:21]} 50. Rb3 {[%clk 0:12:18]} Re7 {[%clk 0:03:03]} 51. Rh3
{[%clk 0:11:21]} Rb1+ {[%clk 0:03:08]} 52. Ka4 {[%clk 0:07:21]} Re8
{[%clk 0:02:49]} 53. Rc6 {[%clk 0:06:55]} Re4+ {[%clk 0:02:13]} 54. Ka3
{[%clk 0:07:06]} Rxf4 {[%clk 0:02:12]} 55. Rc5 {[%clk 0:03:45]} Kb6
{[%clk 0:01:57]} 56. Rhc3 {[%clk 0:02:44]} Rxb5 {[%clk 0:01:20]} 57. Rc8
{[%clk 0:02:41]} Rxg5 {[%clk 0:00:36]} 58. Rb3+ {[%clk 0:01:59]} Ka7
{[%clk 0:00:54]} 59. Rc7+ {[%clk 0:02:24]} Ka6 {[%clk 0:00:51]} 60. Rc8
{[%clk 0:02:33]} Ra5+ {[%clk 0:00:49]} 61. Kb2 {[%clk 0:02:59]} Rf2+
{[%clk 0:00:52]} 62. Kb1 {[%clk 0:03:16]} Rb5 {[%clk 0:00:50]} 63. Ra8+
{[%clk 0:01:13]} Kb7 {[%clk 0:01:17]} 64. Rxb5+ {[%clk 0:01:26]} Kxa8
{[%clk 0:01:42]} 65. Rd5 {[%clk 0:00:36]} Rxh2 {[%clk 0:01:18]} 66. Rd8+
{[%clk 0:01:01]} Kb7 {[%clk 0:01:44]} 67. Rd7+ {[%clk 0:01:24]} Kc6
{[%clk 0:02:13]} 68. Rxf7 {[%clk 0:01:46]} Rg2 {[%clk 0:02:30]} 69. Rh7
{[%clk 0:01:51]} g5 {[%clk 0:02:54]} 70. Kc1 {[%clk 0:02:09]} Kd5
{[%clk 0:02:33]} 71. Kd1 {[%clk 0:02:36]} Ke4 {[%clk 0:02:52]} 72. Ke1
{[%clk 0:03:01]} Kf3 {[%clk 0:02:42]} 73. Kf1 {[%clk 0:03:04]} Ra2
{[%clk 0:03:01]} 74. Kg1 {[%clk 0:03:21]} Kg3 {[%clk 0:03:24]} 75. Kf1
{[%clk 0:03:43]} Ra1+ {[%clk 0:03:47]} 76. Ke2 {[%clk 0:04:12]} h3
{[%clk 0:04:03]} 77. Rb7 {[%clk 0:04:10]} h2 {[%clk 0:03:44]} 0-1